Thực vật

Cung cấp các tri thức khoa học cơ bản về đời sống, đặc điểm phát triển của các loài thực vật

Bewaard in:
Bibliografische gegevens
Formaat: Boek
Taal:Undetermined
Gepubliceerd in: Hà Nội Giáo dục Việt Nam 2012
Onderwerpen:
Tags: Voeg label toe
Geen labels, Wees de eerste die dit record labelt!
Thư viện lưu trữ: Trung tâm Học liệu Trường Đại học Cần Thơ
LEADER 00708nam a2200193Ia 4500
001 CTU_183953
008 210402s9999 xx 000 0 und d
020 |c 63000 
082 |a 580 
082 |b Th552 
245 0 |a Thực vật 
245 0 |c Lê Thanh Hương biên dịch ; Trần Thị Thanh Liêm hiệu đính 
260 |a Hà Nội 
260 |b Giáo dục Việt Nam 
260 |c 2012 
520 |a Cung cấp các tri thức khoa học cơ bản về đời sống, đặc điểm phát triển của các loài thực vật 
650 |a Botany,Thực vật học 
904 |i Hải 
980 |a Trung tâm Học liệu Trường Đại học Cần Thơ